000 00430nam a2200169Ia 4500
005 20240823055231.0
008 240823s9999||||xx |||||||||||||| ||und||
041 _aENGLISH
082 _A547.0076 Q4
100 _aGoutam Brahmachari'
245 0 _aOrganic Chemistry Through Solved Problems
250 _a1st
260 _c2014
_bNarosa Publishing
500 _aYES
650 _aorganic chemistry
_bChemistry
942 _cBK
999 _c228307
_d228307